000 00633nam a2200193Ia 4500
003 GCL
008 140319s9999 xx 000 0 ara d
040 _aGCL /
_cGCL
082 0 4 _a811.5
_bص د
100 1 _aصردر، ابومنصور على بن الحسن
245 1 0 _aديوان صردر /
_cصردر، ابومنصور على بن الحسن
300 _a238 ص
490 _a
650 0 4 _aالادب العربى
650 0 4 _aالدولة العباسية الثانية
650 0 4 _aالدولة العباسية الثالثة
650 0 4 _aالشعر العربى - دواوين وقصائد
942 _2ddc
_cBK
999 _c41552
_d41552